000 00333nam a22001337a 4500
008 170405b xxu||||| |||| 00| 0 eng d
020 _a089004905X
041 _aeng
080 _a616.34
100 _a9
101 _aSHM
245 _aNUTRITIONAL ADAPTATION OF THE GASTROINTENSTINAL TRACT OF THE NEWBORN
_cPRESS, R
942 _2udc
_cBK
999 _c9855
_d9855